| 000 | 00729nam a22002057a 4500 | ||
|---|---|---|---|
| 999 |
_c179309 _d179309 |
||
| 005 | 20210604163053.0 | ||
| 010 | _aB-739993 | ||
| 020 |
_a9788178241180 _c395.00 |
||
| 035 | _aB-739993 | ||
| 037 | _bGift | ||
| 082 | 1 | 4 | _a306.7 |
| 100 | 1 | _aGupta, Charu | |
| 245 |
_aSexuality, obscenity, community: _bwomen, Muslims and the Hindu public in colonial India / _cby Charu Gupta |
||
| 260 |
_aDelhi _bPermanent Black _c2012 |
||
| 270 |
_aD-28, Oxford Apartments, 11, I.P. Extension _bDelhi _e110092 |
||
| 300 |
_axii, 388p. _c22cm(pbk) |
||
| 500 | _aIncludes bibliographical references & index | ||
| 942 |
_adpl _cEN _2ddc _h306.7 _mGUP |
||